000 00528cam a2200193 4500
001 D3123
008 090401t1984 xxu||||| |||| 00| 0 eng d
035 _a(Sirsi) u71907
041 _aeng
050 _a333.9164
100 _aDenman, D.R.
245 _aMarkets under the sea? A study of the potential of private property rights in the seabed...
260 _aLondon
_bInstitute of Economic Affairs
_c1984
300 _axvi. 80p. 22cm
350 _a2.5
490 _aHobart Paper
_v17
942 _n0
948 _c04/03/1997
999 _c95459
_d95459